[Event "IECC M email"]
[Site "IECC email"]
[Date "2002.10.20"]
[Round "?"]
[White "Childress, Steven A"]
[Black "DuNard, Philip"]
[Result "0-1"]
[WhiteElo "850"]
[BlackElo "1093"]
[PlyCount "56"]
[EventDate "2002.??.??"]
[EventType "tourn (corr)"]
[EventRounds "6"]
[SourceTitle "Corr 2008"]
[Source "ChessBase"]
[SourceDate "2008.06.24"]
[SourceVersion "1"]
[SourceVersionDate "2008.06.24"]
[SourceQuality "1"]

1. c4 c6 2. d4 d5 3. c5 Nf6 4. Nc3 g6 5. Qc2 Bf5 6. Qb3 Qc8 7. e3 Bg7 8. Bd2 0-0 9. f3 Rd8 10. Nge2 Nbd7 11. g4 Nxg4 12. fxg4 Bxg4 13. 0-0-0 e5 14. h3 Bf3 15. Rh2 exd4 16. exd4 Bxd4 17. Bg5 Bf6 18. Bxf6 Nxf6 19. Rd4 Be4 20. Ng3 Qc7 21. Ncxe4 Nxe4 22. Rg2 Nxc5 23. Qf3 Ne6 24. Rd1 d4 25. Nf5 Rd7 26. Qh5 Qf4+ 27. Rdd2 Qxf1+ 28. Rd1 Qxg2 0-1

[Event "IECC M email"]
[Site "IECC email"]
[Date "2002.10.20"]
[Round "?"]
[White "DuNard, Philip"]
[Black "Childress, Steven A"]
[Result "1-0"]
[WhiteElo "1053"]
[BlackElo "857"]
[PlyCount "29"]
[EventDate "2002.??.??"]
[EventType "tourn (corr)"]
[EventRounds "6"]
[SourceTitle "Corr 2008"]
[Source "ChessBase"]
[SourceDate "2008.06.24"]
[SourceVersion "1"]
[SourceVersionDate "2008.06.24"]
[SourceQuality "1"]

1. d4 Nc6 2. e4 e6 3. Nc3 Bb4 4. Bd2 Bxc3 5. Bxc3 d5 6. Qg4 g6 7. e5 Nge7 8. 0-0-0 0-0 9. Bd3 Kh8 10. Ne2 Rg8 11. Bd2 Qf8 12. Bg5 h5 13. Qh4 Nf5 14. Bxf5 gxf5 15. Qxh5+ 1-0

[Event "IECC M email"]
[Site "IECC email"]
[Date "2002.09.16"]
[Round "?"]
[White "Childress, Steven A"]
[Black "Morello, Stefano"]
[Result "0-1"]
[WhiteElo "868"]
[BlackElo "989"]
[PlyCount "76"]
[EventDate "2002.??.??"]
[EventType "tourn (corr)"]
[EventRounds "6"]
[SourceTitle "Corr 2008"]
[Source "ChessBase"]
[SourceDate "2008.06.24"]
[SourceVersion "1"]
[SourceVersionDate "2008.06.24"]
[SourceQuality "1"]

1. e4 e5 2. Nf3 Nc6 3. d4 exd4 4. Nxd4 Bc5 5. Nxc6 bxc6 6. Bc4 Nf6 7. Qe2 0-0 8. e5 Re8 9. 0-0 d5 10. Ba6 Ne4 11. Bxc8 Qxc8 12. Be3 Bxe3 13. Qxe3 f5 14. Qd3 Nc5 15. Qc3 Nd7 16. f4 Qa6 17. Nd2 Re6 18. b4 Rb8 19. Rfb1 Rb7 20. a4 Qe2 21. Re1 Qg4 22. h3 Qxf4 23. Nf3 Rxb4 24. Kf2 Rc4 25. Qd2 Qxd2+ 26. Nxd2 Rxc2 27. Re2 Kf7 28. Rb1 Rxe5 29. Rb7 Rxe2+ 30. Kxe2 a5 31. Rxc7 Ke6 32. Ra7 g5 33. Rxa5 h5 34. Ra8 Kf6 35. a5 Ra2 36. Ra7 Ke6 37. Kd3 g4 38. Ra6 Nc5+ 0-1

[Event "IECC M email"]
[Site "IECC email"]
[Date "2002.09.16"]
[Round "?"]
[White "Morello, Stefano"]
[Black "Childress, Steven A"]
[Result "1/2-1/2"]
[WhiteElo "995"]
[BlackElo "862"]
[PlyCount "75"]
[EventDate "2002.??.??"]
[EventType "tourn (corr)"]
[EventRounds "6"]
[SourceTitle "Corr 2008"]
[Source "ChessBase"]
[SourceDate "2008.06.24"]
[SourceVersion "1"]
[SourceVersionDate "2008.06.24"]
[SourceQuality "1"]

1. e4 Nf6 2. Nc3 d6 3. d4 Bg4 4. Be2 Bxe2 5. Qxe2 Nc6 6. Nf3 e5 7. d5 Nb4 8. a3 Na6 9. Bg5 c5 10. Qb5+ Qd7 11. Bxf6 gxf6 12. Qxd7+ Kxd7 13. 0-0 Bg7 14. Nb5 Nc7 15. Nxc7 Kxc7 16. c4 Rag8 17. b4 b6 18. b5 Bh6 19. Nh4 Kd7 20. Nf5 Bd2 21. Ra2 Bc3 22. Rc2 Ba5 23. f3 h5 24. h4 Rg6 25. Kh2 Rhg8 26. Rg1 Ra8 27. g3 a6 28. g4 hxg4 29. h5 Rgg8 30. Rxg4 Rxg4 31. fxg4 Ke8 32. Nxd6+ Ke7 33. Nf5+ Kf8 34. a4 Be1 35. Re2 Bc3 36. Re3 Bd4 37. Rb3 axb5 38. axb5 1/2-1/2

[Event "IECC M email"]
[Site "IECC email"]
[Date "2001.12.04"]
[Round "?"]
[White "Childress, Steven A"]
[Black "Gaspar, Fernando JR"]
[Result "0-1"]
[WhiteElo "883"]
[BlackElo "1016"]
[PlyCount "48"]
[EventDate "2001.??.??"]
[EventType "tourn (corr)"]
[EventRounds "6"]
[SourceTitle "Corr 2008"]
[Source "ChessBase"]
[SourceDate "2008.06.24"]
[SourceVersion "1"]
[SourceVersionDate "2008.06.24"]
[SourceQuality "1"]

1. Nf3 d5 2. Nc3 Nf6 3. d4 e6 4. Bg5 Be7 5. Bxf6 Bxf6 6. Qd2 0-0 7. Ne5 Nd7 8. Nxd7 Bxd7 9. e4 dxe4 10. Nxe4 Bc6 11. Bd3 Qxd4 12. Nxf6+ Qxf6 13. f3 Qxb2 14. 0-0 Rfd8 15. Rfb1 Qf6 16. Qe3 Rd6 17. Qc5 Rd5 18. Qf2 Rd6 19. Qg3 b6 20. Qh3 g6 21. Rf1 Rad8 22. Be4 Bxe4 23. fxe4 Qd4+ 24. Kh1 Qxa1 0-1

[Event "IECC M email"]
[Site "IECC email"]
[Date "2001.12.04"]
[Round "?"]
[White "Childress, Steven A"]
[Black "Van de Groep, Kevin"]
[Result "0-1"]
[WhiteElo "894"]
[BlackElo "1023"]
[PlyCount "80"]
[EventDate "2001.??.??"]
[EventType "tourn (corr)"]
[EventRounds "6"]
[SourceTitle "Corr 2008"]
[Source "ChessBase"]
[SourceDate "2008.06.24"]
[SourceVersion "1"]
[SourceVersionDate "2008.06.24"]
[SourceQuality "1"]

1. Nf3 Nf6 2. Nc3 g6 3. e4 d6 4. d4 Bg7 5. e5 dxe5 6. dxe5 Qxd1+ 7. Nxd1 Ng4 8. Bf4 Nc6 9. Bb5 Bd7 10. Bxc6 Bxc6 11. Ne3 Bxf3 12. gxf3 Nxe5 13. Bxe5 Bxe5 14. 0-0-0 0-0 15. Nd5 e6 16. Nc3 a6 17. h3 Rad8 18. Rxd8 Rxd8 19. Rd1 Bf4+ 20. Kb1 Rxd1+ 21. Nxd1 b5 22. Ne3 f5 23. Kc1 Kf7 24. Kd2 c5 25. Kd3 Kf6 26. a3 Ke5 27. c3 h6 28. b4 c4+ 29. Nxc4+ bxc4+ 30. Kxc4 Kd6 31. a4 Kc6 32. Kd4 Bd6 33. Kc4 Kb6 34. Kd4 Kb7 35. Kc4 Kb6 36. Kb3 a5 37. Kc4 axb4 38. cxb4 h5 39. a5+ Ka6 40. Kb3 Kb5 0-1

[Event "IECC M email"]
[Site "IECC email"]
[Date "2001.11.29"]
[Round "?"]
[White "Rowe, David"]
[Black "Childress, Steven A"]
[Result "1-0"]
[WhiteElo "1000"]
[BlackElo "928"]
[PlyCount "53"]
[EventDate "2001.??.??"]
[EventType "tourn (corr)"]
[EventRounds "6"]
[SourceTitle "Corr 2008"]
[Source "ChessBase"]
[SourceDate "2008.06.24"]
[SourceVersion "1"]
[SourceVersionDate "2008.06.24"]
[SourceQuality "1"]

1. e4 Nf6 2. Bd3 e6 3. Nf3 d6 4. 0-0 e5 5. c4 c6 6. Qa4 Bd7 7. Qb4 Qc7 8. a4 c5 9. Qb3 Nc6 10. Nc3 Na5 11. Qa3 b6 12. b4 Nc6 13. b5 Na5 14. Nd5 Nxd5 15. exd5 0-0-0 16. Be4 f5 17. Bc2 Be7 18. g3 g5 19. d3 g4 20. Nh4 Bxh4 21. gxh4 h5 22. Bg5 Rdg8 23. Rae1 f4 24. d4 cxd4 25. Rc1 Kb7 26. Bd3 Qd8 27. Bxd8 1-0

[Event "IECC M email"]
[Site "IECC email"]
[Date "2001.10.29"]
[Round "?"]
[White "Hammons, Eddie"]
[Black "Childress, Steven A"]
[Result "1-0"]
[WhiteElo "1032"]
[BlackElo "916"]
[PlyCount "81"]
[EventDate "2001.??.??"]
[EventType "tourn (corr)"]
[EventRounds "6"]
[SourceTitle "Corr 2008"]
[Source "ChessBase"]
[SourceDate "2008.06.24"]
[SourceVersion "1"]
[SourceVersionDate "2008.06.24"]
[SourceQuality "1"]

1. e4 b6 2. d4 Bb7 3. Nc3 Nf6 4. e5 Nd5 5. Qf3 Nxc3 6. Qxb7 Nc6 7. bxc3 a6 8. Nf3 Ra7 9. Qxa6 Rxa6 10. Bxa6 d6 11. Bb5 Qd7 12. d5 Qf5 13. Bd3 Qd7 14. dxc6 Qxc6 15. 0-0 Qxc3 16. Bf4 e6 17. Bd2 Qc6 18. Rfe1 d5 19. Reb1 Qb7 20. a4 Bc5 21. a5 Ke7 22. a6 Qa7 23. Bc3 c6 24. Nd4 Bxd4 25. Bxd4 c5 26. Bc3 c4 27. Be2 Kd7 28. Bd4 Kc7 29. Rb2 Rb8 30. Rba2 Ra8 31. f4 Rf8 32. g4 Ra8 33. f5 Re8 34. Kg2 exf5 35. gxf5 Re7 36. Rb1 Kc8 37. Bxb6 Qa8 38. e6 fxe6 39. fxe6 Rxe6 40. Bg4 d4+ 41. Kg1 1-0

[Event "IECC M email"]
[Site "IECC email"]
[Date "2001.10.26"]
[Round "?"]
[White "Childress, Steven A"]
[Black "Morello, Stefano"]
[Result "0-1"]
[WhiteElo "987"]
[BlackElo "964"]
[PlyCount "46"]
[EventDate "2001.??.??"]
[EventType "tourn (corr)"]
[EventRounds "6"]
[SourceTitle "Corr 2008"]
[Source "ChessBase"]
[SourceDate "2008.06.24"]
[SourceVersion "1"]
[SourceVersionDate "2008.06.24"]
[SourceQuality "1"]

1. e4 e5 2. Nf3 Nc6 3. d4 d6 4. dxe5 Nxe5 5. Nxe5 dxe5 6. Qxd8+ Kxd8 7. Bg5+ f6 8. Be3 Bd6 9. Bc4 Ne7 10. Nd2 Bd7 11. 0-0 g5 12. Bd5 Nxd5 13. exd5 Bb5 14. Rfe1 Rc8 15. c4 Bd7 16. c5 Be7 17. c6 bxc6 18. dxc6 Bxc6 19. Red1 a6 20. Ne4+ Ke8 21. Rac1 Bxe4 22. Rc4 Bf5 23. Ra4 Bc2 0-1

[Event "IECC Swiss email"]
[Site "IECC email"]
[Date "2000.05.09"]
[Round "?"]
[White "Childress, Steven A"]
[Black "Rosello, Joe"]
[Result "0-1"]
[WhiteElo "1119"]
[BlackElo "1778"]
[PlyCount "82"]
[EventDate "2000.??.??"]
[EventType "tourn (corr)"]
[EventRounds "6"]
[SourceTitle "Corr 2008"]
[Source "ChessBase"]
[SourceDate "2008.06.24"]
[SourceVersion "1"]
[SourceVersionDate "2008.06.24"]
[SourceQuality "1"]

1. e4 c5 2. Bb5 a6 3. Bc4 d6 4. Nc3 Nc6 5. Nf3 Nf6 6. 0-0 g6 7. Ng5 Ne5 8. d4 cxd4 9. Qxd4 Nxc4 10. Qxc4 e6 11. Rd1 b5 12. Qd3 Bb7 13. Nf3 d5 14. e5 Nd7 15. Bg5 Nc5 16. Qc4 Be7 17. Qxc5 Bxc5 18. Bxd8 Rxd8 19. Nd4 Ke7 20. a3 Rc8 21. Nce2 Rhf8 22. b4 Bxd4 23. Nxd4 Rc4 24. Ra2 f6 25. Nf3 Re4 26. exf6+ Rxf6 27. Rd4 Rxd4 28. Nxd4 e5 29. Ne2 Kd6 30. a4 Bc6 31. a5 d4 32. f3 Bd5 33. Rb2 h5 34. Nc1 Bc4 35. Kf2 e4 36. Rb1 Kd5 37. Ra1 e3+ 38. Ke1 g5 39. Ne2 Bxe2 40. Kxe2 Kc4 41. Rd1 g4 0-1

[Event "IECC KO email"]
[Site "IECC email"]
[Date "2000.02.27"]
[Round "?"]
[White "Copin, Jean Christophe"]
[Black "Childress, Steven A"]
[Result "1-0"]
[WhiteElo "994"]
[BlackElo "1159"]
[PlyCount "102"]
[EventDate "2000.??.??"]
[EventType "tourn (corr)"]
[EventRounds "6"]
[SourceTitle "Corr 2008"]
[Source "ChessBase"]
[SourceDate "2008.06.24"]
[SourceVersion "1"]
[SourceVersionDate "2008.06.24"]
[SourceQuality "1"]

1. e4 Nf6 2. e5 Nd5 3. d4 Nc6 4. Nf3 e6 5. Bd3 d6 6. 0-0 dxe5 7. dxe5 Be7 8. b3 Bd7 9. Bd2 0-0 10. Nc3 Nxc3 11. Bxc3 f5 12. exf6 Bxf6 13. Qd2 Rf7 14. Rad1 Bxc3 15. Qxc3 a5 16. Be4 Qe7 17. Ne5 Nxe5 18. Qxe5 c6 19. Rd3 Qf6 20. Qxf6 gxf6 21. f4 f5 22. Bf3 Ra7 23. Rd6 a4 24. Rfd1 b5 25. Bxc6 Bxc6 26. Rxc6 Rac7 27. Rxc7 Rxc7 28. bxa4 bxa4 29. Rc1 Kf7 30. c4 Ke7 31. c5 Kd7 32. Rc4 Kc6 33. Rxa4 Kxc5 34. Ra3 Rb7 35. Re3 Kd5 36. Re1 Rb2 37. Ra1 Kc4 38. a4 Rb6 39. a5 Ra6 40. Kf2 Kb5 41. Kg3 Kc4 42. Kh4 Kd3 43. Kg5 Kd4 44. Ra4+ Ke3 45. g4 fxg4 46. Kxg4 Ra7 47. a6 Rg7+ 48. Kh5 Ra7 49. Kg5 Kf3 50. Kf6 Kg2 51. Kxe6 Kxh2 1-0

[Event "IECC M email"]
[Site "IECC email"]
[Date "2000.01.31"]
[Round "?"]
[White "Childress, Steven A"]
[Black "Butler, Padraig"]
[Result "1-0"]
[WhiteElo "1151"]
[BlackElo "1000"]
[PlyCount "33"]
[EventDate "2000.??.??"]
[EventType "tourn (corr)"]
[EventRounds "2"]
[SourceTitle "Corr 2008"]
[Source "ChessBase"]
[SourceDate "2008.06.24"]
[SourceVersion "1"]
[SourceVersionDate "2008.06.24"]
[SourceQuality "1"]

1. a4 e5 2. b3 Nf6 3. Bb2 Nc6 4. Nc3 Bc5 5. Nf3 0-0 6. e3 d5 7. d4 exd4 8. exd4 Bb4 9. Bd3 Bg4 10. 0-0 Bd6 11. h3 Be6 12. Ng5 a6 13. Ne2 Nb4 14. Nxe6 fxe6 15. Ba3 Nxd3 16. Bxd6 Nxf2 17. Rxf2 1-0

[Event "IECC M email"]
[Site "IECC email"]
[Date "2000.01.02"]
[Round "?"]
[White "Childress, Steven A"]
[Black "Beardmore, Chris"]
[Result "1-0"]
[WhiteElo "1141"]
[BlackElo "981"]
[PlyCount "49"]
[EventDate "2000.??.??"]
[EventType "tourn (corr)"]
[EventRounds "2"]
[SourceTitle "Corr 2008"]
[Source "ChessBase"]
[SourceDate "2008.06.24"]
[SourceVersion "1"]
[SourceVersionDate "2008.06.24"]
[SourceQuality "1"]

1. d4 d5 2. Bg5 f6 3. Bd2 e6 4. e3 f5 5. Nf3 Nf6 6. Nc3 Nc6 7. Bb5 a6 8. Bxc6+ bxc6 9. Ne5 Bd6 10. Nxc6 Qd7 11. Ne5 Ne4 12. Nxd7 Bxd7 13. Nxe4 dxe4 14. c4 c5 15. 0-0 cxd4 16. exd4 Bc6 17. b4 g5 18. Qh5+ Kd8 19. Qxg5+ Be7 20. Qg7 Kd7 21. b5 axb5 22. Bb4 Kc7 23. Qxe7+ Kb8 24. Bd6+ Kc8 25. Qc7# 1-0

[Event "IECC Trio 787 email"]
[Site "IECC email"]
[Date "1999.09.01"]
[Round "?"]
[White "Childress, Steven A"]
[Black "Mathes, Christian"]
[Result "1-0"]
[WhiteElo "1152"]
[BlackElo "1020"]
[PlyCount "53"]
[EventDate "1999.??.??"]
[EventType "tourn (corr)"]
[EventRounds "4"]
[SourceTitle "Corr 2008"]
[Source "ChessBase"]
[SourceDate "2008.06.24"]
[SourceVersion "1"]
[SourceVersionDate "2008.06.24"]
[SourceQuality "1"]

1. e4 e6 2. Nf3 d5 3. e5 c5 4. d4 Nc6 5. Bb5 Bd7 6. Bg5 Qb6 7. Bxc6 Bxc6 8. b3 cxd4 9. Nxd4 Bc5 10. c3 Ne7 11. 0-0 Ng6 12. b4 Be7 13. Bxe7 Nxe7 14. a4 0-0 15. b5 Bd7 16. Nd2 f6 17. N2f3 fxe5 18. Nxe5 Be8 19. g4 Ng6 20. Qe2 Nxe5 21. Qxe5 Bd7 22. f4 Rac8 23. f5 Rxc3 24. fxe6 Rxf1+ 25. Rxf1 Be8 26. e7 Bf7 27. e8Q+ 1-0

[Event "IECC Trio 787 email"]
[Site "IECC email"]
[Date "1999.09.01"]
[Round "?"]
[White "Shaughnessy, Robert"]
[Black "Childress, Steven A"]
[Result "1-0"]
[WhiteElo "1097"]
[BlackElo "1253"]
[PlyCount "45"]
[EventDate "1999.??.??"]
[EventType "tourn (corr)"]
[EventRounds "4"]
[SourceTitle "Corr 2008"]
[Source "ChessBase"]
[SourceDate "2008.06.24"]
[SourceVersion "1"]
[SourceVersionDate "2008.06.24"]
[SourceQuality "1"]

1. e4 a6 2. d4 b5 3. a4 Bb7 4. axb5 axb5 5. Rxa8 Bxa8 6. Nd2 c6 7. Bd3 e6 8. Ngf3 Be7 9. 0-0 Nf6 10. e5 Nd5 11. c4 Nc7 12. c5 0-0 13. Qc2 g6 14. Ne4 f5 15. exf6 Bxf6 16. Nxf6+ Rxf6 17. Bg5 Nd5 18. Bxf6 Qxf6 19. Ra1 Bb7 20. Ra7 Nb4 21. Qd2 Nxd3 22. Rxb7 Qf4 23. Qxd3 1-0

[Event "IECC M email"]
[Site "IECC email"]
[Date "1999.08.03"]
[Round "?"]
[White "Lilja, Gunnar"]
[Black "Childress, Steven A"]
[Result "1-0"]
[WhiteElo "1350"]
[BlackElo "1270"]
[PlyCount "31"]
[EventDate "1999.??.??"]
[EventType "tourn (corr)"]
[EventRounds "6"]
[SourceTitle "Corr 2008"]
[Source "ChessBase"]
[SourceDate "2008.06.24"]
[SourceVersion "1"]
[SourceVersionDate "2008.06.24"]
[SourceQuality "1"]

1. d4 a6 2. e4 e6 3. Be3 b5 4. Bd3 Bb7 5. Nf3 d5 6. exd5 Bxd5 7. 0-0 Nc6 8. Nc3 Nf6 9. Nxd5 Nxd5 10. a4 Nxe3 11. fxe3 b4 12. Be4 Nxd4 13. Nxd4 c5 14. Qh5 g6 15. Bc6+ Ke7 16. Qxc5+ 1-0

[Event "IECC M email"]
[Site "IECC email"]
[Date "1999.07.01"]
[Round "?"]
[White "Sad, Wang"]
[Black "Childress, Steven A"]
[Result "1-0"]
[WhiteElo "1312"]
[BlackElo "1284"]
[PlyCount "47"]
[EventDate "1999.??.??"]
[EventType "tourn (corr)"]
[EventRounds "6"]
[SourceTitle "Corr 2008"]
[Source "ChessBase"]
[SourceDate "2008.06.24"]
[SourceVersion "1"]
[SourceVersionDate "2008.06.24"]
[SourceQuality "1"]

1. e4 a6 2. d4 b5 3. a4 Bb7 4. axb5 axb5 5. Rxa8 Bxa8 6. Nd2 e6 7. Bxb5 c6 8. Ba4 Ne7 9. Ne2 g6 10. 0-0 Bg7 11. b3 0-0 12. Ba3 f5 13. Bd6 Na6 14. f4 Qc8 15. Bxe7 Rf7 16. Bd6 fxe4 17. Nxe4 Nc7 18. Qd3 Nb5 19. c4 g5 20. cxb5 cxb5 21. Bxb5 Bh6 22. Rc1 Qb7 23. Qg3 Qxe4 24. Rc8+ 1-0

[Event "IECC O email"]
[Site "IECC email"]
[Date "1999.06.04"]
[Round "?"]
[White "Ricks, Lou"]
[Black "Childress, Steven A"]
[Result "1-0"]
[WhiteElo "1393"]
[BlackElo "1330"]
[PlyCount "45"]
[EventDate "1999.??.??"]
[EventType "tourn (corr)"]
[EventRounds "6"]
[SourceTitle "Corr 2008"]
[Source "ChessBase"]
[SourceDate "2008.06.24"]
[SourceVersion "1"]
[SourceVersionDate "2008.06.24"]
[SourceQuality "1"]

1. e4 a6 2. d4 b5 3. a4 Bb7 4. axb5 axb5 5. Rxa8 Bxa8 6. Bd3 e6 7. Nf3 Nf6 8. e5 Ng4 9. Bxb5 Bxf3 10. Qxf3 Nh6 11. Bxh6 gxh6 12. 0-0 Bg7 13. Nd2 Qe7 14. c3 c6 15. Bd3 0-0 16. Ra1 d5 17. exd6 Qxd6 18. Ra7 e5 19. Nc4 Qe6 20. dxe5 Bxe5 21. Qe4 f5 22. Qxe5 Rf6 23. Qg3+ 1-0

[Event "IECC Trio 702 email"]
[Site "IECC email"]
[Date "1999.03.13"]
[Round "?"]
[White "Childress, Steven A"]
[Black "Jewell, Barry"]
[Result "0-1"]
[WhiteElo "1367"]
[BlackElo "1516"]
[PlyCount "64"]
[EventDate "1999.??.??"]
[EventType "tourn (corr)"]
[EventRounds "4"]
[SourceTitle "Corr 2008"]
[Source "ChessBase"]
[SourceDate "2008.06.24"]
[SourceVersion "1"]
[SourceVersionDate "2008.06.24"]
[SourceQuality "1"]

1. e3 Nf6 2. c3 c5 3. Bb5 e6 4. Nf3 Be7 5. 0-0 0-0 6. d4 d5 7. Qc2 Bd7 8. Bxd7 Nbxd7 9. Ng5 h6 10. Nf3 Rc8 11. Nbd2 Qc7 12. Nb3 c4 13. Nbd2 Bd6 14. g3 b5 15. e4 dxe4 16. Nxe4 Nxe4 17. Qxe4 Nf6 18. Qc2 Nd5 19. Bd2 a5 20. Qe4 Nf6 21. Qe2 Nd5 22. Nh4 Qe7 23. Qg4 f5 24. Qe2 Rf6 25. Qe1 g5 26. Nf3 Qf7 27. Ne5 Qh5 28. a3 a4 29. Be3 f4 30. Qd1 Qh3 31. Bd2 Bxe5 32. Qf3 fxg3 0-1

[Event "IECC M email"]
[Site "IECC email"]
[Date "1999.03.11"]
[Round "?"]
[White "Kaminski, Thomas"]
[Black "Childress, Steven A"]
[Result "1-0"]
[WhiteElo "1327"]
[BlackElo "1338"]
[PlyCount "53"]
[EventDate "1999.??.??"]
[EventType "tourn (corr)"]
[EventRounds "6"]
[SourceTitle "Corr 2008"]
[Source "ChessBase"]
[SourceDate "2008.06.24"]
[SourceVersion "1"]
[SourceVersionDate "2008.06.24"]
[SourceQuality "1"]

1. e4 Nf6 2. e5 Nd5 3. d4 Nc6 4. c4 Nb6 5. d5 Nxe5 6. c5 Nbc4 7. Qd4 e6 8. Bxc4 Nxc4 9. Qxc4 d6 10. Qb5+ Qd7 11. c6 bxc6 12. dxc6 Qe7 13. Nc3 d5 14. Nge2 Qb4 15. Qxb4 Bxb4 16. Bf4 Bxc3+ 17. Nxc3 Ba6 18. Bxc7 Rc8 19. Be5 Rxc6 20. Bd4 0-0 21. Bxa7 Rfc8 22. Bd4 Rc4 23. 0-0-0 Ra8 24. Rhe1 Kf8 25. Kc2 Bb5 26. a3 Ba4+ 27. b3 1-0